Loading...
| History - European History | 0 | 3 | 1 | 0 | 25 | 7 | 39.67 | 1 | 3 |
| History - Other History | 0 | 3 | 1 | 0 | 25 | 44 | 52.67 | 0 | 2 |
| Science - Physics | 0 | 2 | 0 | 0 | 20 | 43 | 55.50 | 1 | 1 |
| Science - Other Science | 0 | 2 | 0 | 0 | 20 | 25 | 32.50 | 0 | 2 |
| Literature - American Literature | 0 | 1 | 0 | 1 | 10 | 67 | 67.00 | 0 | 0 |
| Mythology | 0 | 1 | 0 | 0 | 10 | 51 | 51.00 | 0 | 1 |
| Philosophy | 0 | 1 | 0 | 0 | 10 | 15 | 15.00 | 1 | 1 |
| Religion | 0 | 1 | 0 | 1 | 10 | 102 | 102.00 | 0 | 0 |
| Current Events | 0 | 1 | 0 | 0 | 10 | 19 | 19.00 | 1 | 1 |
| Geography | 0 | 1 | 0 | 1 | 10 | 109 | 109.00 | 0 | 0 |
| History - American History | 0 | 2 | 2 | 0 | 10 | 42 | 52.00 | 1 | 2 |
| History - World History | 0 | 1 | 0 | 0 | 10 | 82 | 82.00 | 0 | 1 |
| Social Science | 0 | 1 | 0 | 1 | 10 | 104 | 104.00 | 0 | 0 |
| Literature - World Literature | 0 | 0 | 0 | 0 | 0 | 0.00 | 0 | 0 | |
| Science - Chemistry | 0 | 0 | 1 | 0 | -5 | 0.00 | 0 | 0 |